A practical manual for B.Sc III year - botany : (Record no. 77327)

MARC details
000 -LEADER
fixed length control field 00669nam a22001937a 4500
005 - DATE AND TIME OF LATEST TRANSACTION
control field 20130816112645.0
010 ## - LCCN (DPL NO)
LC control number ENG-107860
020 ## - INTERNATIONAL STANDARD BOOK NUMBER
International Standard Book Number 9789380831503
Terms of availability 198.00
035 ## - SYSTEM CONTROL NUMBER
System control number EN-91393
037 ## - SOURCE OF ACQUISITION
Source of stock number/acquisition DBAD/PUB
082 ## - DEWEY DECIMAL CLASSIFICATION NUMBER
Classification number 581
100 ## - MAIN ENTRY--PERSONAL NAME
Personal name Swarupa Rani,S.
245 ## - TITLE STATEMENT
Title A practical manual for B.Sc III year - botany :
Statement of responsibility, etc by S. Swarupa Rani [and] Sangita Mathur
Remainder of title paper III-IV /
260 ## - PUBLICATION, DISTRIBUTION, ETC. (IMPRINT)
Place of publication, distribution, etc Hyderabad
Name of publisher, distributor, etc Studentshelpline Publishing House
Date of publication, distribution, etc 2012
270 ## - ADDRESS
Address 326/C, Surneni Nilayam, near B K Guda Park, S.R. Nagar,
City Hyderabad
Postal code 500038
300 ## - PHYSICAL DESCRIPTION
Extent various pagings :
Dimensions 23cm(pbk)
Other physical details ill.
700 ## - ADDED ENTRY--PERSONAL NAME
Personal name Mathur, Sangita
942 ## - ADDED ENTRY ELEMENTS (KOHA)
Source of classification or shelving scheme Dewey Decimal Classification
Item type English Books
Call number suffix SWA
Classification part 581
Holdings
Withdrawn status Lost status Not for loan Collection code Home library Current library Date acquired Source of acquisition Cost, normal purchase price Full call number Barcode Copy number Cost, replacement price Koha item type
    Not For Loan Non-fiction D.B.Act.Division D.B.Act.Division 09/07/2013 DBAD/PUB 198.00 581 SWA EN-91393 1 198.00 English Books

© Delhi Public Library
Hit Counter
free hit counter